Search the Library Catalogue
| 000 -LEADER | |
|---|---|
| fixed length control field | 01401nam a2200169Ia 4500 |
| 008 - FIXED-LENGTH DATA ELEMENTS--GENERAL INFORMATION | |
| fixed length control field | 250728s9999 xx 000 0 und d |
| 020 ## - INTERNATIONAL STANDARD BOOK NUMBER | |
| ISBN | 9780737747942 |
| 082 ## - DEWEY DECIMAL CLASSIFICATION NUMBER | |
| Classification number | 947.0854 |
| Item number | IMM |
| 100 ## - MAIN ENTRY--AUTHOR NAME | |
| Personal name | Immell, Myra |
| 245 #4 - TITLE STATEMENT | |
| Title | The Dissolution of the Soviet Union |
| 260 ## - PUBLICATION, DISTRIBUTION, ETC. (IMPRINT) | |
| Name of publisher | Greenhaven Publishing |
| Year of publication | 2010 |
| 300 ## - PHYSICAL DESCRIPTION | |
| Number of Pages | 224 pages |
| 500 ## - GENERAL NOTE | |
| General note | From the Back Cover: How an event is remembered depends on the people who record it. The broadest possible understanding of history comes from exploring multiple perspectives: from different time periods, different cultures, different ideologies. The Perspectives on Modern World History series provides multiple views of momentous events in recent history. Using primary and secondary sources, each volume provides background information on a significant event in modern world history, presents the controversies surrounding the event, and offers first-person narratives from people who lived through or were impacted by the event. All volumes in the series include an annotated table of contents, a chronology, a bibliography, and a subject index. For students and other researchers, Perspectives on Modern World History helps develop critical thinking skills, increases global awareness, and enhances and understanding of international perspectives about historic events. |
| 650 ## - SUBJECT ADDED ENTRY--TOPICAL TERM | |
| Topical Term | Juvenile Nonfiction |
| 942 ## - ADDED ENTRY ELEMENTS (KOHA) | |
| Koha item type | English Books |
| Withdrawn status | Lost status | Damaged status | Not for loan | Home library | Current library | Shelving location | Date acquired | Full call number | Accession Number | Price effective from | Koha item type |
|---|---|---|---|---|---|---|---|---|---|---|---|
| Anna Centenary Library | Anna Centenary Library | 7TH FLOOR, B WING | 28.07.2025 | 947.0854 IMM | 204391 | 28.07.2025 | English Books |